<?xml version="1.0" encoding="UTF-8"?>
<collection xmlns:xsi="http://www.w3.org/2001/XMLSchema-instance" xsi:schemaLocation="http://www.loc.gov/MARC21/slim http://www.loc.gov/standards/marcxml/schema/MARC21slim.xsd" xmlns="http://www.loc.gov/MARC21/slim">
 <record>
  <leader>00000cam a22000004i 4500</leader>
  <controlfield tag="001">UP-99796217611965053</controlfield>
  <controlfield tag="003">Buklod</controlfield>
  <controlfield tag="005">20160303095344.0</controlfield>
  <controlfield tag="006">a     r    |||| u|</controlfield>
  <controlfield tag="007">ta</controlfield>
  <controlfield tag="008">160303s2013    xx     d     r    |||| u|</controlfield>
  <datafield tag="020" ind1=" " ind2=" ">
   <subfield code="a">9781409453710 (hardback)</subfield>
  </datafield>
  <datafield tag="035" ind1=" " ind2=" ">
   <subfield code="a">(iLib)UPD-00254210791</subfield>
  </datafield>
  <datafield tag="040" ind1=" " ind2=" ">
   <subfield code="a">DLC</subfield>
   <subfield code="d">DMLS</subfield>
   <subfield code="e">rda</subfield>
  </datafield>
  <datafield tag="041" ind1="0" ind2=" ">
   <subfield code="a">eng</subfield>
  </datafield>
  <datafield tag="042" ind1=" " ind2=" ">
   <subfield code="a">DMLUC</subfield>
  </datafield>
  <datafield tag="090" ind1=" " ind2=" ">
   <subfield code="a">G 155 A1</subfield>
   <subfield code="b">L54 2013</subfield>
  </datafield>
  <datafield tag="245" ind1="0" ind2="0">
   <subfield code="a">Lifestyle mobilities</subfield>
   <subfield code="b">intersections of travel, leisure and migration</subfield>
   <subfield code="c">edited by Tara Duncan, Scott A. Cohen, Maria Thulemark.</subfield>
  </datafield>
  <datafield tag="264" ind1=" " ind2="1">
   <subfield code="a">Farnham, Surrey, England</subfield>
   <subfield code="b">Ashgate</subfield>
   <subfield code="c">2013.</subfield>
  </datafield>
  <datafield tag="300" ind1=" " ind2=" ">
   <subfield code="a">xiii, 266 pages</subfield>
   <subfield code="b">illustrations, maps</subfield>
   <subfield code="c">24 cm.</subfield>
  </datafield>
  <datafield tag="336" ind1=" " ind2=" ">
   <subfield code="a">text</subfield>
   <subfield code="2">rdacontent</subfield>
  </datafield>
  <datafield tag="337" ind1=" " ind2=" ">
   <subfield code="a">unmediated</subfield>
   <subfield code="2">rdamedia</subfield>
  </datafield>
  <datafield tag="338" ind1=" " ind2=" ">
   <subfield code="a">volume</subfield>
   <subfield code="2">rdacarrier</subfield>
  </datafield>
  <datafield tag="490" ind1="0" ind2=" ">
   <subfield code="a">Current developments in the geographis of leisure and tourism</subfield>
  </datafield>
  <datafield tag="504" ind1=" " ind2=" ">
   <subfield code="a">Includes bibliographical references and index.</subfield>
  </datafield>
  <datafield tag="505" ind1="0" ind2=" ">
   <subfield code="a">Introducing lifestyle mobilities / Scott A. Cohen -- Part 1. Corporeal performance -- Peripatetic artists : creative mobility and resourceful displacement / Claudia Bell -- Others have the clock but we have the time : alternative lifestyle mobilities and the resurgence of hitchhiking / Michael O'Regan -- 'Dirtbags' : mobility, community and rock climbing as performative of identity / Jillian M. Rickly-Boyd -- From (dis)embodied journeys to 'artscapes' : belly dancing as a digital 'travelling   culture' / Rodanthi Tzanelli -- Part 2. Applying mobile methods -- Choosing their own paths : mobile methodologies  for understanding your lifestyles / Katherine King -- Investigating perpetual travel : email interviews and longitudinal methods in travel, tourism and mobilities research / Garth Lean -- Travelling in the Caucasus : mobile methodologies and lifestyles in the field / Eleni Sideri -- Part 3. Moorings, mobilities and belonging -- Traveller trails : locating the lifestyle traveller / Kathryn Erskine -- Trans-Pacific bluewater sailors-exemplar of a mobile lifestyle community / Barbara A. Koth -- Mobile habitations of canoescapes / Jessica Dunkin -- From citizens to wanderers of the world : the Noguchi case as a timely study on cosmopolitanism / Elia   Ntaousani -- Part 4. Complexities of wider identities --  Mobilities, lifestyles and imagined worlds: exploring the terrain of lifestyle migration / Norman McIntyre -- Storm watching : making sense of Clayoquot sound winter mobilities / Phillip Vannini -- Negotiating tourist identities : mobilities in an age of climate change / Stewart Barr -- Respect for nature at 200 km/h? Exploring the role of lifestyle mobilities in environmental responsibility / Leslie Mahon -- Lifestyle  mobilities: conclusgtions and future research / Maria Thulemark.</subfield>
  </datafield>
  <datafield tag="520" ind1=" " ind2=" ">
   <subfield code="a">Being mobile in today's world is influenced by many aspects including transnational ties, increased ease of access to transport, growing accessibility to technology, knowledge and information and changing socio-cultural outlooks and values. Bringing together scholars from geography, sociology, tourism, history and beyond.</subfield>
  </datafield>
  <datafield tag="650" ind1=" " ind2="0">
   <subfield code="a">Tourism.</subfield>
  </datafield>
  <datafield tag="650" ind1=" " ind2="0">
   <subfield code="a">Leisure.</subfield>
  </datafield>
  <datafield tag="650" ind1=" " ind2="0">
   <subfield code="a">Migation, Internal.</subfield>
  </datafield>
  <datafield tag="650" ind1=" " ind2="0">
   <subfield code="a">Social mobility.</subfield>
  </datafield>
  <datafield tag="700" ind1="1" ind2=" ">
   <subfield code="a">Duncan, Tara</subfield>
   <subfield code="e">editor.</subfield>
  </datafield>
  <datafield tag="700" ind1="1" ind2=" ">
   <subfield code="a">Cohen, Scott A.</subfield>
   <subfield code="e">editor.</subfield>
  </datafield>
  <datafield tag="700" ind1="1" ind2=" ">
   <subfield code="a">Thulemark, Maria</subfield>
   <subfield code="e">editor.</subfield>
  </datafield>
  <datafield tag="905" ind1=" " ind2=" ">
   <subfield code="a">FO</subfield>
  </datafield>
  <datafield tag="852" ind1="0" ind2=" ">
   <subfield code="a">UPD</subfield>
   <subfield code="b">DAIT</subfield>
   <subfield code="h">G 155 A1 L54 2013</subfield>
  </datafield>
  <datafield tag="852" ind1="0" ind2=" ">
   <subfield code="a">UPD</subfield>
   <subfield code="b">DMLS</subfield>
   <subfield code="h">G 155 A1</subfield>
   <subfield code="i">L54 2013</subfield>
  </datafield>
  <datafield tag="942" ind1=" " ind2=" ">
   <subfield code="a">Book</subfield>
  </datafield>
 </record>
</collection>
